| 000 | 00481nam a2200205Ia 4500 | ||
|---|---|---|---|
| 008 | 170918s9999 xx 000 0 und d | ||
| 020 | _a9780439263191 | ||
| 050 | _bS949 2001 | ||
| 100 | _aSullivan, George | ||
| 245 | _aThomas Edison / | ||
| 245 | _cby George Sullivan. | ||
| 260 | _aNew York : | ||
| 260 | _bScholastic, | ||
| 260 | _c2001 | ||
| 300 | _a128 pages : | ||
| 300 | _billustrations ; | ||
| 300 | _c19cm. | ||
| 300 | _eIn their own words. | ||
| 500 | _a670 | ||
| 999 |
_c343261 _d343261 |
||